000 01084nam a2200253 a 4500
005 20161219090453.0
008 161219s2014 ck |r|||| 00| 0 spa d
020 _a9789588593371
040 _aCO-BoIAVH
_cCO-BoIAVH
041 0 _aspa
044 _ack
082 0 4 _a174.29
_bB51c
100 1 _aBernal Escobar, Isabel
_eautor
245 1 0 _aCreación de espacios éticos y bioéticos en cotidianidad de instituciones educativas del Quindío :
_bSaberes, asuntos y aprendizajes interconectados /
_cIsabel Bernal Escobar
260 _aArmenia (Colombia) :
_bUniversidad del Quindío,
_c2014.
300 _a260 páginas ;
_c23 x 17 cm.
504 _aIncluye referencias bibliográficas.
650 2 6 _aBioética
_xInstituciones de educación
_zQuindío (Departamento, Colombia)
650 2 6 _aÉtica
_xInstituciones de educación
_zQuindío (Departamento, Colombia)
700 1 _aCarvajal Freese, Ingeborg
_eautor
700 1 _aCurtidor Gutiérrez, Diana Marcela
_eautora
700 1 _aMeneses Carmona, Daniel
_eautor
942 _2ddc
_cLIBRO
999 _c19188
_d19188